[Event "Moscow Open 2012 A"]
[Site "Moscow RUS"]
[Date "2012.01.31"]
[Round "4.24"]
[White "Demchenko,A"]
[Black "Mesropov,K"]
[Result "1/2-1/2"]
[WhiteElo "2578"]
[BlackElo "2419"]

1.e4 e6 2.d4 d5 3.Nc3 Bb4 4.e5 Ne7 5.a3 Bxc3+ 6.bxc3 c5 7.Qg4 cxd4 8.Bd3 Qa5
9.Ne2 O-O 10.O-O dxc3 11.Bxh7+ Kxh7 12.Qh4+ Kg8 13.Qxe7 Nc6 14.Qg5 d4 15.f4 Qd8
16.Qg3 f5 17.exf6 Rxf6 18.f5 Rxf5 19.Rxf5 exf5 20.Bg5 Qf8 21.Rd1 Bd7 22.Nxd4 Nxd4
23.Rxd4 Bc6 24.Qxc3 Qf7 25.h3 Re8 26.Qg3 Qe6 27.Rd2 Qe1+ 28.Qxe1 Rxe1+ 29.Kf2 Ra1
30.Be7 a6 31.Bb4 Kf7 32.Kg3 a5 33.Bc5 Rc1 34.Kf4 Ba4 35.Kxf5 Rxc2 36.Rxc2 Bxc2+
37.Ke5 b5 38.Kd4 Bf5 39.Kc3 Be4 40.g3 Bg2  1/2-1/2

[Event "Moscow Open 2012 A"]
[Site "Moscow RUS"]
[Date "2012.02.03"]
[Round "7.35"]
[White "Krivoborodov,E"]
[Black "Morozov,G"]
[Result "1-0"]
[WhiteElo "2513"]
[BlackElo "2351"]

1.e4 e6 2.d4 d5 3.Nc3 Bb4 4.e5 b6 5.Qg4 Bf8 6.a4 c6 7.a5 Ba6 8.axb6 axb6
9.Nh3 Be2 10.Bxe2 Rxa1 11.O-O Na6 12.Nb5 g6 13.Nd6+ Bxd6 14.exd6 Nb8 15.Qg3 Nd7
16.Ng5 Ngf6 17.h4 Nh5 18.Qc3 h6 19.Nf3 Qa8 20.Ne5 Nxe5 21.dxe5 Kd7 22.g4 Ng7
23.Qf3 Qf8 24.Qb3 Qd8 25.Qf3 f5 26.exf6 Rf8 27.Bxh6 Rxf6 28.Qc3 Rxf1+ 29.Bxf1 Rf7
30.Bg5 Qa8 31.b4 Kxd6 32.Bd3 e5 33.Bxg6 d4 34.Qe1 Ra7 35.Kh2 Ra1 36.Qe4 c5
37.bxc5+ bxc5 38.h5 Ne6 39.Bf6 Qxe4 40.Bxe4 Ra7 41.h6 Nf8 42.Bg7 Rf7 43.g5 Ne6
44.h7 Rxg7 45.h8=Q Rxg5 46.Qb8+ Kd7 47.Qb7+ Kd6 48.Qb6+ Kd7 49.Bc6+ Kd6 50.Bg2+ Ke7
51.Bd5 Rh5+ 52.Kg3 Rh6 53.Bxe6 Rxe6 54.Qxc5+ Kf6 55.f4  1-0

[Event "TCh-CAT 2012"]
[Site "Catalunya ESP"]
[Date "2012.02.25"]
[Round "5.2"]
[White "Rios,Cr"]
[Black "Gonzalez Rodriguez,JA"]
[Result "0-1"]
[WhiteElo "2384"]
[BlackElo "2385"]

1.e4 e6 2.d4 d5 3.Nc3 Bb4 4.e5 b6 5.a3 Bf8 6.Bb5+ Bd7 7.Bd3 c5 8.f4 Nc6 9.Nf3 g6
10.Be3 h5 11.Bf2 a6 12.b3 Nh6 13.Qd2 Qc7 14.Na4 Nxd4 15.Nxd4 cxd4 16.Nb2 Bb5
17.Bxd4 Bxd3 18.Qxd3 Nf5 19.c3 Be7 20.O-O O-O 21.Qd2 Rfc8 22.Rfc1 b5 23.Nd3 Qb7
24.b4 Rc4 25.Qf2 a5 26.Bb6 axb4 27.cxb4 Rxc1+ 28.Nxc1 Bxb4 29.Rb1 Bxa3 30.Nd3 d4
31.Rxb5 Be7 32.Rb1 Rb8 33.Rb3 Qa6 34.Qb2 Rxb6 35.Rxb6 Qxd3 36.Rb8+ Kg7  0-1

[Event "TCh-CZE Liga 1 Zapad"]
[Site "Czech Rep CZE"]
[Date "2012.02.26"]
[Round "9.5"]
[White "Hinks Edwards,T"]
[Black "Turner,R"]
[Result "1-0"]
[WhiteElo "2391"]
[BlackElo "2128"]

1.e4 e6 2.d4 d5 3.Nc3 Bb4 4.e5 Ne7 5.a3 Bxc3+ 6.bxc3 b6 7.Qg4 Ng6 8.h4 h5
9.Qd1 Ba6 10.Bxa6 Nxa6 11.Bg5 Qd7 12.Ne2 Ne7 13.Nf4 g6 14.a4 c6 15.Qd3 Nc7
16.c4 dxc4 17.Qxc4 Ncd5 18.Ne2 c5 19.dxc5 Rc8 20.O-O Rxc5 21.Qe4 Qc8 22.Nd4 Rc4
23.Qd3 Nb4 24.Qd2 a6 25.Bf6 Rg8 26.a5 b5 27.Rad1 Nbd5 28.Rfe1 Nc3 29.Bxe7 Kxe7
30.Qg5+ Ke8 31.Rd3 Nd5 32.Qh6 Qc5 33.Red1 Qf8 34.Qd2 Qb4 35.Qh6 Qf8 36.Qd2 Qb4
37.c3 Qe7 38.Nf3 Qc7 39.Rxd5 exd5 40.Qxd5 Rc5 41.Qe4 Rxc3 42.e6 f5 43.Qa8+ Qc8
44.Qa7 Rc7 45.Qe3 Rc3 46.Qg5 f4 47.Qf6 Rc7 48.Ng5 Re7 49.Nf7 Rxe6 50.Nd6+ Rxd6
51.Rxd6 Rf8 52.Re6+  1-0

[Event "ch-Moscow S/F 2012"]
[Site "Moscow RUS"]
[Date "2012.02.29"]
[Round "4"]
[White "Pak,Alexander"]
[Black "Yakimenko,Alex"]
[Result "0-1"]
[WhiteElo "2078"]
[BlackElo "2258"]

1.e4 e6 2.d4 d5 3.Nc3 Bb4 4.e5 b6 5.Qg4 Bf8 6.Bg5 Qd7 7.f4 h6 8.Bh4 h5 9.Qh3 Nh6
10.Nf3 Bb4 11.Be2 Ba6 12.Bxa6 Nxa6 13.O-O Bxc3 14.bxc3 Qa4 15.Ng5 Nf5 16.Be1 Rh6
17.Qd3 Rd8 18.Nf3 h4 19.g4 hxg3 20.hxg3 Kd7 21.Kg2 Rdh8 22.g4 Ne7 23.Bg3 g6
24.Ng5 Ke8 25.Rae1 Nb8 26.f5 gxf5 27.gxf5 Rg8 28.fxe6 Rxg5 29.exf7+ Kf8 30.Rh1 Rhg6
31.e6 Rxg3+ 32.Kf2 Rxd3 33.Rh8+ Ng8 34.fxg8=Q+ Rxg8 35.e7+ Kf7 36.Rxg8 Kxg8
37.e8=Q+ Qxe8 38.Rxe8+ Kf7 39.Rxb8 Rxc3 40.Rb7 a5 41.Ke2 Rxc2+ 42.Kd3 Rc4
43.Ke3 Ke6 44.Rb8 Ra4 45.Re8+ Kd7 46.Re5 Kd6 47.Rh5 Rxa2  0-1

[Event "10th Khazar Cup"]
[Site "Rasht IRI"]
[Date "2012.03.03"]
[Round "4"]
[White "Golizadeh,A"]
[Black "Moosavian,S"]
[Result "1/2-1/2"]
[WhiteElo "2463"]
[BlackElo "2343"]

1.e4 e6 2.d4 d5 3.Nc3 Bb4 4.e5 Ne7 5.Qg4 c5 6.a3 Qa5 7.Ne2 cxd4 8.Rb1 Bxc3+
9.bxc3 O-O 10.Nxd4 Nbc6 11.Bd2 Nxe5 12.Qg3 f6 13.Be2 N5c6 14.Nxc6 bxc6 15.Qd6 Qd8
16.Qc5 Qc7 17.c4 Ba6 18.cxd5 Qe5 19.Qe3 Qxe3 20.fxe3 Bxe2 21.d6 Nf5 22.Kxe2 Rfd8
23.Bb4 a5 24.Bc5 Nxd6 25.Bxd6 Rxd6 26.Rhd1 Rd5 27.Rb7 Rad8 28.Rd3 e5 29.Rb6 Rc5
30.Kd2 Rc8 31.Ra6 Rc7 32.Rc3 Rd7+ 33.Rd3 Rxd3+ 34.Kxd3  1/2-1/2

[Event "ch-Moscow S/F 2012"]
[Site "Moscow RUS"]
[Date "2012.03.05"]
[Round "8"]
[White "Khorsun,V"]
[Black "Kurdakov,Y"]
[Result "0-1"]
[WhiteElo "1795"]
[BlackElo "2219"]

1.e4 e6 2.d4 d5 3.Nc3 Bb4 4.e5 b6 5.Qg4 Bf8 6.Bg5 Qd7 7.O-O-O Ba6 8.Bxa6 Nxa6
9.Nge2 h6 10.Bh4 g5 11.Bg3 h5 12.Qf3 h4 13.h3 hxg3 14.fxg3 Nh6 15.g4 Be7
16.Ng3 O-O-O 17.Rhf1 Rhg8 18.Qe2 Kb7 19.Nh5 Rg6 20.Rf3 Nb4 21.a3 Nc6 22.Qd3 Rdg8
23.Ne2 Qe8 24.c4 Na5 25.c5 Nc4 26.Nc3 a6 27.cxb6 cxb6 28.Kb1 Rf8 29.Rc1 Ng8
30.Rf2 Rh6 31.Ne4 Qb5 32.Ka1 Nxa3 33.Qxb5 Nxb5  0-1

[Event "PriFO Champ RUS 2012"]
[Site "Tolyatti RUS"]
[Date "2012.03.05"]
[Round "8.2"]
[White "Geller,J"]
[Black "Ulanov,A"]
[Result "0-1"]
[WhiteElo "2565"]
[BlackElo "2337"]

1.e4 e6 2.d4 d5 3.Nc3 Bb4 4.e5 Ne7 5.a3 Bxc3+ 6.bxc3 c5 7.Qg4 Kf8 8.Qd1 Qc7
9.Nf3 b6 10.a4 Ba6 11.Bb5 Bxb5 12.axb5 Nd7 13.O-O Kg8 14.Ba3 h6 15.c4 dxc4
16.dxc5 bxc5 17.Nd2 Nxe5 18.Bb2 Kh7 19.Qe2 N5g6 20.Nxc4 Rhb8 21.h4 Rxb5 22.h5 Nf4
23.Qe4+ f5 24.Qxa8 Ne2+ 25.Kh1 Qf4 26.Qf3 Qh4+ 27.Qh3 Qxc4 28.Be5 Nc6 29.Bh2 Qxc2
30.Qe3 Qe4 31.Qxe4 fxe4 32.Rfe1 Rb2 33.Ra6 Ned4 34.Rxe4 Rb1+ 35.Bg1 e5 36.f4 c4
37.Rxc6 Nxc6 38.Rxc4 Nd4 39.Kh2 Ne2 40.fxe5 Nxg1 41.e6 Re1 42.Rc8 a5 43.e7 Rxe7
44.Kxg1 Ra7 45.Rc3 a4 46.Ra3 Kg8 47.Kf2 Kf7 48.Ke3 Kf6 49.Kf4 Ra5 50.g4 Ra7
51.Kf3 Kg5 52.Kg3 Ra5 53.Rc3 Rb5 54.Rc7 Rb3+ 55.Kf2 Kxg4 56.Rxg7+ Kxh5 57.Rd7 a3
58.Kg2 Kg4  0-1

[Event "2nd HD Bank Cup 2012"]
[Site "Ho Chi Minh City VIE"]
[Date "2012.03.07"]
[Round "9.6"]
[White "Wan Yunguo"]
[Black "Duong The Anh"]
[Result "1-0"]
[WhiteElo "2441"]
[BlackElo "2373"]

1.e4 e6 2.d4 d5 3.Nc3 Bb4 4.e5 b6 5.a3 Bf8 6.Nf3 Ne7 7.Bd3 h6 8.O-O Qd7 9.Ne2 Ba6
10.Bxa6 Nxa6 11.Qd3 Nb8 12.Nf4 g6 13.c4 Nbc6 14.Be3 Bg7 15.Rac1 Rc8 16.cxd5 Nxd5
17.Nxd5 Qxd5 18.Qc2 Ne7 19.Qa4+ Qd7 20.Qxa7 O-O 21.Qb7 Nd5 22.Qc6 Rfd8 23.Rfd1 Qe7
24.h3 Rd7 25.Bd2 Qd8 26.a4 Ne7 27.Qe4 Nf5 28.Rc4 Rd5 29.Rdc1 Bf8 30.g4 Ne7
31.R4c2 Rd7 32.b4 Nd5 33.Rb1 Rb8 34.Rcb2 Qc8 35.a5 Qb7 36.h4 bxa5 37.bxa5 Qxb2
38.Rxb2 Rxb2 39.h5 gxh5 40.g5 hxg5 41.Nxg5 Bg7 42.Bc1 Ra2 43.Qh7+ Kf8 44.Qb1 Rxa5
45.Qb8+ Ke7 46.Qg8  1-0

[Event "Zagreb Open A"]
[Site "Zagreb CRO"]
[Date "2012.03.07"]
[Round "3.2"]
[White "Brkic,A"]
[Black "Martinovic,Sa"]
[Result "1-0"]
[WhiteElo "2587"]
[BlackElo "2496"]

1.e4 e6 2.d4 d5 3.Nc3 Bb4 4.e5 Ne7 5.a3 Bxc3+ 6.bxc3 c5 7.Qg4 Qc7 8.Qxg7 Rg8
9.Qxh7 cxd4 10.Ne2 Nbc6 11.f4 Bd7 12.h4 O-O-O 13.Qd3 dxc3 14.h5 Nf5 15.Rb1 d4
16.Rg1 f6 17.g4 fxe5 18.gxf5 exf5 19.Rxg8 Rxg8 20.Rb5 Re8 21.Qg3 e4 22.Rd5 Be6
23.Rxd4 Nxd4 24.Nxd4 Bf7 25.Nb5 Qc5 26.Be3 Qe7 27.Qg7 Kb8 28.h6 Ka8 29.Qd4 b6
30.Qd6  1-0

[Event "TCh-FIN SM-Liiga 2011-12"]
[Site "Helsinki FIN"]
[Date "2012.03.11"]
[Round "11.5"]
[White "Kononen,K"]
[Black "Norri,J"]
[Result "0-1"]
[WhiteElo "2247"]
[BlackElo "2291"]

1.e4 e6 2.d4 d5 3.Nc3 Bb4 4.e5 b6 5.Qg4 Bf8 6.Nh3 Ne7 7.Nf4 Qd7 8.Nh5 Ng6
9.f4 Nc6 10.Be3 Nce7 11.Bf2 Bb7 12.Bd3 Nf5 13.Ne2 O-O-O 14.c3 Kb8 15.Qh3 Bc8
16.g4 Nh6 17.b4 Qa4 18.O-O Ba6 19.Bxa6 Qxa6 20.Rae1 Qxa2 21.f5 Ne7 22.fxe6 fxe6
23.Nef4 Rc8 24.Nxe6 Qc2 25.Bh4 Ng6 26.Bg5 Ng8 27.Nhxg7 Be7 28.Nf5 Bxg5 29.Nxg5 N8e7
30.Rf2 Qb3 31.Nxe7 Nxe7 32.Rf7 h6 33.Nh7 Nc6 34.Qe3 Nd8 35.Re7 Nc6 36.Rd7 Rcd8
37.Rxd8+ Nxd8 38.Nf6 Ne6 39.h4 Rc8 40.Kg2 Ka8 41.Qf3 Rd8 42.Re2 Qc4 43.Rd2 a5
44.bxa5 bxa5 45.Kg3 Kb7 46.Qd3 Qxd3+ 47.Rxd3 Kc6 48.c4 dxc4 49.d5+ Kb5 50.Re3 Ng7
51.e6 Kb4 52.e7 Rc8 53.h5 a4 54.Ne4 a3 55.d6 cxd6 56.Nxd6 Ra8  0-1

[Event "ch-CZE U20 2012"]
[Site "Kouty nad Desnou CZE"]
[Date "2012.03.11"]
[Round "3"]
[White "Bures,J"]
[Black "Balacek,T"]
[Result "1/2-1/2"]
[WhiteElo "2405"]
[BlackElo "2221"]

1.e4 e6 2.d4 d5 3.Nc3 Bb4 4.e5 Ne7 5.a3 Bxc3+ 6.bxc3 b6 7.a4 Ba6 8.Bxa6 Nxa6
9.a5 b5 10.Ba3 c5 11.dxc5 Nc6 12.Qe2  1/2-1/2

[Event "ch-Moscow Final 2012"]
[Site "Moscow RUS"]
[Date "2012.03.11"]
[Round "2"]
[White "Eliseev,U"]
[Black "Gorbatov,A"]
[Result "1-0"]
[WhiteElo "2473"]
[BlackElo "2363"]

1.e4 e6 2.d4 d5 3.Nc3 Bb4 4.e5 Ne7 5.a3 Bxc3+ 6.bxc3 b6 7.Qg4 Ng6 8.h4 h5
9.Qd1 Ba6 10.Bxa6 Nxa6 11.Bg5 Qd7 12.Ne2 Qc6 13.O-O Nf8 14.a4 Nb8 15.Qd3 a5
16.f4 g6 17.Qf3 Kd7 18.Bf6 Rh7 19.Ng3 Kc8 20.Rfd1 Kb7 21.Nf1 Nbd7 22.Be7 Re8
23.Ba3 f6 24.Qd3 Rf7 25.Ne3 g5 26.hxg5 fxg5 27.f5 exf5 28.Qb5 Qxb5 29.axb5 Nf6
30.c4 dxc4 31.Nxf5 Nd5 32.Rf1 Nf4 33.Ne3 h4 34.Nxc4 Rd7 35.c3 Ne2+ 36.Kh2 Ne6
37.Bb2 N6f4 38.Rae1 g4 39.Bc1 Nxc1 40.Rxc1 g3+ 41.Kh1 Nd5 42.Rf3 Rg7 43.Rcf1 Rh8
44.Rf7 Rhh7 45.e6 h3 46.Nd6+ Ka7 47.Rxg7 hxg2+ 48.Kxg2 Rxg7 49.Nf5 Rg5 50.c4 Rxf5
51.cxd5 Rh5 52.e7 Rh2+ 53.Kxg3 Re2 54.d6 cxd6 55.Rf7  1-0

[Event "TCh-SVK Extraliga 2011-12"]
[Site "Slovakia SVK"]
[Date "2012.03.11"]
[Round "11.5"]
[White "Lanc,A"]
[Black "Hagara,E"]
[Result "1/2-1/2"]
[WhiteElo "2367"]
[BlackElo "2388"]

1.e4 e6 2.d4 d5 3.Nc3 Bb4 4.e5 Ne7 5.a3 Bxc3+ 6.bxc3 c5 7.Nf3 b6 8.a4 Ba6
9.Bxa6 Nxa6 10.Qe2 Nb8 11.O-O Nd7 12.Ng5 Nc6 13.Qh5 Qe7 14.Ba3 h6 15.Nh3 g6
16.Qe2 Na5 17.f4 Nc4 18.Bc1 Nb8 19.dxc5 Qxc5+ 20.Kh1 Nd7 21.Nf2 Qa5 22.Qf3 b5
23.h4 h5 24.Qg3 bxa4 25.Nd1 Nc5 26.Nf2 Nd7 27.Nd1 Nc5 28.Nf2 O-O 29.Rd1 Qc7
30.Rd4 Rab8 31.Rxc4 dxc4 32.Ba3 Rfd8 33.Qg5 Kh7 34.Re1 Rd7 35.Bxc5 Qxc5 36.Ne4 Qe7
37.Nf6+ Kg7 38.Nxh5+ Kh7 39.Nf6+ Kg7 40.Nh5+ Kh7 41.Nf6+ Kg7  1/2-1/2

[Event "Zagreb Open A"]
[Site "Zagreb CRO"]
[Date "2012.03.11"]
[Round "8.21"]
[White "Ivekovic,Bo2"]
[Black "Graziani,Claudio"]
[Result "1/2-1/2"]
[WhiteElo "2211"]
[BlackElo "2214"]

1.e4 e6 2.d4 d5 3.Nc3 Bb4 4.e5 Qd7 5.f4 b6 6.Nf3 Ne7 7.a3 Bxc3+ 8.bxc3 Ba6
9.Bxa6 Nxa6 10.O-O Qa4 11.g4 h5 12.h3 hxg4 13.hxg4 O-O-O 14.Qe2 Kb7 15.Rb1 Rh3
16.Kg2 Rdh8 17.Be3 Nb8 18.Bf2 g5 19.Nxg5 Rxc3 20.Rfc1 Qe8 21.Rb3 Ng6 22.Bg3 Rc4
23.Rb4 Rc3 24.Rb3 Rc4 25.Rb4 Rc3  1/2-1/2

[Event "ch-Moscow Final 2012"]
[Site "Moscow RUS"]
[Date "2012.03.12"]
[Round "3"]
[White "Chudinovskikh,A"]
[Black "Morozov,G"]
[Result "1/2-1/2"]
[WhiteElo "2278"]
[BlackElo "2353"]

1.e4 e6 2.d4 d5 3.Nc3 Bb4 4.e5 b6 5.Bb5+ c6 6.Ba4 a5 7.a3 Bxc3+ 8.bxc3 b5
9.Bb3 a4 10.Ba2 Ne7 11.Bg5 h6 12.Bxe7 Qxe7 13.Bb1 Nd7 14.c4 dxc4 15.c3 Bb7
16.Ne2 c5 17.O-O cxd4 18.cxd4 Nb6 19.Ng3 Qd7 20.Be4 Bd5 21.Rb1 Qc6 22.Qg4 g6
23.Rfc1 Rd8 24.h4 h5 25.Qf4 Bxe4 26.Nxe4 Nd5 27.Qg5 Rd7 28.Rc2 Kf8 29.Rcb2 Rb7
30.Nd6 c3 31.Rxb5 Rxb5 32.Rxb5 Kg7 33.Rxd5 Qxd5 34.Qf6+ Kh7 35.Qxf7+ Kh6
36.Qf4+ Kh7 37.Qf7+ Kh6 38.Qe7 c2 39.Nf7+ Kh7 40.Qc7 Qxd4 41.Qxc2 Rf8 42.Qc7 Kg8
43.Nh6+ Kh8 44.Nf7+ Kg8 45.Nh6+ Kh8 46.Nf7+ Kg7  1/2-1/2

[Event "ch-CZE U20 2012"]
[Site "Kouty nad Desnou CZE"]
[Date "2012.03.14"]
[Round "7"]
[White "Rabatin,J"]
[Black "Gabriel,Ad"]
[Result "1-0"]
[WhiteElo "2159"]
[BlackElo "2106"]

1.e4 e6 2.d4 d5 3.Nc3 Bb4 4.e5 b6 5.Bd2 Qd7 6.Nf3 h5 7.h4 Nh6 8.Ne2 Bf8 9.Nf4 g6
10.Bd3 Ba6 11.Bxg6 fxg6 12.Nxg6 Qh7 13.Nxh8 Qxh8 14.Ng5 Kd7 15.Qxh5 Nc6 16.Be3 Nb4
17.O-O-O Nxa2+ 18.Kb1 Nb4 19.Qg6 Re8 20.Nh7 Ng8 21.Qxg8 Be7 22.Qxh8 Rxh8
23.Nf6+ Bxf6 24.exf6 Be2 25.Rd2 Bh5 26.f3 Nc6 27.g4 Bf7 28.Bf4 Na5 29.h5 c5
30.Rdh2 cxd4 31.g5 Nc6 32.g6 e5 33.Bg5 Be6 34.h6 Bf5 35.g7 Rc8 36.h7 d3 37.g8=Q dxc2+
38.Rxc2 Bxc2+ 39.Kxc2 Nd4+ 40.Kb1 Rxg8 41.hxg8=Q  1-0

[Event "ch-URU 2012"]
[Site "Montevideo URU"]
[Date "2012.03.14"]
[Round "7"]
[White "Larrea,M"]
[Black "Roselli Mailhe,B"]
[Result "0-1"]
[WhiteElo "2306"]
[BlackElo "2423"]

1.e4 e6 2.d4 d5 3.Nc3 Bb4 4.e5 b6 5.a3 Bf8 6.Nf3 Ne7 7.h4 h6 8.b4 c5 9.b5 Nd7
10.Ne2 Qc7 11.c3 a6 12.Nf4 axb5 13.Bxb5 Ba6 14.Bxa6 Rxa6 15.O-O c4 16.Nh2 Qc6
17.Ng4 Qa4 18.Qd2 h5 19.Ne3 g6 20.Nh3 Bh6 21.Ng5 Bxg5 22.hxg5 Kf8 23.Rb1 Kg7
24.g3 Nb8 25.Kg2 Nbc6 26.f3 Na5 27.Qf2 Nb3 28.Bb2 Raa8 29.Rh1 Rh7 30.Rh4 Rah8
31.Rbh1 Na5 32.Bc1 Qb3 33.Bb2 Nac6 34.Qd2 Nd8 35.Ra1 Qa4 36.Bc1 Ndc6 37.Rb1 Rb8
38.Bb2 Rbh8 39.Bc1 Rb8 40.Bb2 Nf5 41.Nxf5+ exf5 42.Rbh1 Rhh8 43.Qf2 Qb3 44.g4 hxg4
45.fxg4 Rxh4 46.Rxh4 Ne7 47.Kg3 Rh8 48.Rxh8 Kxh8 49.Qd2 Kg8 50.Bc1 Qb1 51.Qe3 Qe4
52.Qxe4 fxe4 53.a4 Kf8 54.Kf4 Nc6 55.Ke3 Na5 56.Ba3+ Ke8 57.Bb4 Nb3 58.Ke2 Kd7
59.Kd1 Kc6 60.Kc2 Kb7 61.Kd1 Ka6 62.Be7 Ka5 63.Bd8 Na1 64.Kd2 Kxa4 65.Bxb6 Kb3
66.Ba5 Kb2 67.Bb4 Nc2 68.Ba5 Na3  0-1

[Event "TCh-AUT 2 Ost 2011-12"]
[Site "Vienna AUT"]
[Date "2012.03.17"]
[Round "8"]
[White "Brod,M"]
[Black "Vitouch,A"]
[Result "1/2-1/2"]
[WhiteElo "2212"]
[BlackElo "2277"]

1.e4 e6 2.d4 d5 3.Nc3 Bb4 4.e5 b6 5.a3 Bf8 6.Bb5+ c6 7.Ba4 a5 8.Nce2 b5 9.Bb3 Nd7
10.c3 Ne7 11.Nf3 Qc7 12.O-O h6 13.Ng3 c5 14.Nh5 c4 15.Bc2 Bb7 16.g4 g6 17.Nf6+ Nxf6
18.exf6 Ng8 19.Ne5 Nxf6 20.Qf3 Ne4 21.Qg2 Bd6 22.f3 Nf6 23.Bf4 g5 24.Bg3 a4
25.f4 Bxe5 26.fxe5 Ne4 27.Rf3 O-O-O 28.Raf1 Rdf8 29.h3 h5 30.Be1 hxg4 31.hxg4 Rh7
32.Rh3 Rfh8 33.Rff3 Qd8 34.Qh2 Qg8 35.Kg2 f5 36.exf6 Rxh3 37.Rxh3 Rxh3 38.Qxh3 Nxf6
39.Bg3 Nd7 40.Qh6 Bc6 41.Bf5 Nf8 42.Qf6 Bd7 43.Qe5 Kd8 44.Qf6+ Ke8 45.Bc2 e5  1/2-1/2

[Event "TCh-BEL 2011-12"]
[Site "Belgium BEL"]
[Date "2012.03.18"]
[Round "10.5"]
[White "Van de Wynkele,E"]
[Black "Meessen,R"]
[Result "1-0"]
[WhiteElo "2086"]
[BlackElo "2278"]

1.e4 e6 2.d4 d5 3.Nc3 Bb4 4.e5 Ne7 5.a3 Bxc3+ 6.bxc3 c5 7.Qg4 Qc7 8.Qxg7 Rg8
9.Qxh7 cxd4 10.Ne2 dxc3 11.f4 b6 12.Qd3 Ba6 13.Qxc3 Nbc6 14.Rg1 Rc8 15.g4 d4
16.Qb2 Rh8 17.h3 Qd7 18.Rg3 Qd5 19.Bg2 Qc4 20.Rd3 Qc5 21.Rg3 Rd8 22.Be4 Nxe5
23.fxe5 Bxe2 24.Kxe2 Qxe5 25.Kf3 Ng6 26.Bc6+ Kf8 27.Kf2 Rc8 28.Qb5 Qd6 29.Be4 Rc5
30.Qe2 Kg7 31.Bd2 Re5 32.Qd3 a5 33.Rh1 Rh4 34.Bxg6 fxg6 35.Bf4 Rh8 36.Rf3 Qd5
37.Bxe5+ Qxe5 38.Qe2 Qd5 39.Re1 Rc8 40.Qxe6 Rxc2+ 41.Kg3 Qc5 42.Qf6+  1-0

[Event "Caissa IM March 2012"]
[Site "Kecskemet HUN"]
[Date "2012.03.23"]
[Round "8.2"]
[White "Gupta,B"]
[Black "Meszaros,Gyu"]
[Result "1/2-1/2"]
[WhiteElo "2077"]
[BlackElo "2273"]

1.e4 e6 2.d4 d5 3.Nc3 Bb4 4.e5 Ne7 5.a3 Bxc3+ 6.bxc3 b6 7.Bd3 Ba6 8.a4 Bxd3
9.cxd3 c5 10.dxc5 bxc5 11.Nf3 O-O 12.O-O Nbc6 13.Ba3 Qa5 14.Qc2 Rfc8 15.Rfb1 Rab8
16.d4 cxd4 17.cxd4 h6 18.Bd6 Rb7 19.Bc5 Qa6  1/2-1/2

[Event "17th Metropolitan IM"]
[Site "Los Angeles USA"]
[Date "2012.03.30"]
[Round "4"]
[White "Yankovsky,R"]
[Black "Duckworth,W"]
[Result "1-0"]
[WhiteElo "2438"]
[BlackElo "2317"]

1.e4 e6 2.d4 d5 3.Nc3 Bb4 4.e5 b6 5.Nh3 Qd7 6.Qf3 Ba6 7.Bxa6 Nxa6 8.O-O h6
9.Nd1 c6 10.Nf4 Nc7 11.Ne3 Bf8 12.c4 g6 13.Bd2 h5 14.Rac1 Nh6 15.Rc2 dxc4
16.Rxc4 Nd5 17.Rfc1 Nxf4 18.Rxc6 Rd8 19.Rc7 Qb5 20.Qxf4 Nf5 21.Qf3 Be7 22.Nxf5 gxf5
23.Rxe7+ Kxe7 24.Bg5+ f6 25.Bxf6+ Kf7 26.Rc7+  1-0

[Event "European Senior Teams 2012"]
[Site "Rogaska Slatina SLO"]
[Date "2012.04.02"]
[Round "7.12"]
[White "Preuss,F"]
[Black "Lindner,J"]
[Result "1/2-1/2"]
[WhiteElo "1993"]
[BlackElo "2150"]

1.e4 e6 2.d4 d5 3.Nc3 Bb4 4.e5 Qd7 5.a4 b6 6.Bd2 Ba6 7.Bxa6 Nxa6 8.Qe2 Nb8
9.Nf3 Ne7 10.O-O h6 11.Nb5 Bxd2 12.Qxd2 a6 13.Nc3 Nbc6  1/2-1/2

[Event "European Senior Teams 2012"]
[Site "Rogaska Slatina SLO"]
[Date "2012.04.03"]
[Round "8.13"]
[White "Van Geffen,B"]
[Black "Ashby,Ant"]
[Result "1/2-1/2"]
[WhiteElo "2113"]
[BlackElo "2129"]

1.e4 e6 2.d4 d5 3.Nc3 Bb4 4.e5 Ne7 5.Bd2 b6 6.Bb5+ c6 7.Ba4 Bxc3 8.Bxc3 O-O
9.Bd2 Nf5 10.c3 f6 11.Nf3 Ba6 12.g4 Ne7 13.exf6 gxf6 14.Bh6 Rf7 15.Qd2 Nd7
16.O-O-O c5 17.Rde1 cxd4 18.Nxd4 Ne5 19.f4 Nd3+  1/2-1/2

[Event "VIII Lubuska Wiosna Open"]
[Site "Gorzow Wielkopolski POL"]
[Date "2012.04.04"]
[Round "1"]
[White "Jankowiak,Tomasz"]
[Black "Strzemiecki,Z"]
[Result "0-1"]
[WhiteElo "1530"]
[BlackElo "2398"]

1.e4 e6 2.d4 d5 3.Nc3 Bb4 4.e5 Ne7 5.Bd3 c5 6.a3 cxd4 7.Bb5+ Bd7 8.Bxd7+ Nxd7
9.Qxd4 Bxc3+ 10.Qxc3 Rc8 11.Qb3 Nxe5 12.Qxb7 Rxc2 13.Qb5+ N7c6 14.Ne2 Qa5+
15.Qxa5 Nxa5 16.Bd2 Nb3 17.Rd1 Nd3+  0-1

[Event "39th La Roda Open"]
[Site "La Roda ESP"]
[Date "2012.04.06"]
[Round "4"]
[White "Salgado Lopez,I"]
[Black "Cruz,Cr"]
[Result "1-0"]
[WhiteElo "2621"]
[BlackElo "2508"]

1.e4 e6 2.d4 d5 3.Nc3 Bb4 4.e5 Ne7 5.a3 Bxc3+ 6.bxc3 c5 7.Qg4 Kf8 8.Bd2 Bd7
9.a4 Qe8 10.dxc5 Bc6 11.Nf3 Nd7 12.Be3 Ng6 13.Bd4 Qe7 14.h4 h5 15.Qg5 Qxg5
16.hxg5 b6 17.cxb6 axb6 18.Kd2 Ke7 19.Bb5 Bxb5 20.axb5 h4 21.Ra6 Rxa6 22.bxa6 Ra8
23.Ra1 Kd8 24.c4 Kc7 25.cxd5 exd5 26.e6 fxe6 27.Bxg7 e5 28.Rh1 Rg8 29.Nxh4 Rxg7
30.Nxg6 Kb8 31.Rh6 Ka7 32.Nh4 Kxa6 33.g6 Nf8 34.f3 Rg8 35.g3 Kb5 36.f4 e4
37.f5 Nd7 38.Rh7 Nf6 39.Re7 Ng4 40.Re6  1-0

[Event "O2C Doeberl Cup Premier 2012"]
[Site "Canberra AUS"]
[Date "2012.04.07"]
[Round "6.19"]
[White "Stevens,T"]
[Black "Praveen Kumar,C1"]
[Result "1-0"]
[WhiteElo "2134"]
[BlackElo "2343"]

1.e4 e6 2.d4 d5 3.Nc3 Bb4 4.e5 b6 5.Qg4 Bf8 6.Bg5 Qd7 7.Nf3 h6 8.Qh5 g6 9.Qh3 Bg7
10.Be3 Ne7 11.O-O-O Ba6 12.Nd2 Bxf1 13.Rdxf1 Nbc6 14.Ne2 O-O-O 15.f4 h5 16.Bf2 Nf5
17.Qc3 Bf8 18.a3 Be7 19.g3 g5 20.fxg5 Bxg5 21.Kb1 Na5 22.b3 Qb5 23.Nc1 Bxd2
24.Qxd2 Nc4 25.Qc3 Nxa3+ 26.Ka2 Qa6 27.Kb2 Nb5 28.Qb4 c6 29.Nd3 Qb7 30.h3 Qe7
31.Qa4 Qg5 32.Be1 Qe3 33.Rf4 Rd7 34.Rhf1 h4 35.R1f3 Qg1 36.g4 Nfxd4 37.Bf2 Nxf3
38.Bxg1 Nxg1 39.Qa6+ Kc7 40.c4 Nxh3 41.cxb5 Nxf4 42.Qxa7+ Kd8 43.Qxb6+ Ke7
44.Nxf4 cxb5 45.Qc5+ Kd8 46.Nh5 h3 47.Qb6+ Ke7 48.Qf2  1-0

[Event "FSIM April 2012"]
[Site "Budapest HUN"]
[Date "2012.04.08"]
[Round "2"]
[White "Szalanczy,E"]
[Black "Galyas,M"]
[Result "0-1"]
[WhiteElo "2249"]
[BlackElo "2445"]

1.e4 e6 2.d4 d5 3.Nc3 Bb4 4.e5 Ne7 5.a3 Bxc3+ 6.bxc3 b6 7.Nh3 Ng6 8.Bd3 Ba6
9.O-O Bxd3 10.cxd3 c5 11.dxc5 bxc5 12.Be3 Nd7 13.f4 Ne7 14.Bf2 Qa5 15.c4 Qa6
16.Ng5 h6 17.Qh5 O-O 18.Nf3 dxc4 19.g4 cxd3 20.Bh4 Ng6 21.Bf6 gxf6 22.Qxh6 d2
23.Rf2 Qd3 24.Rd1 Qe3 25.g5 f5 26.Rxd2 Nb6 27.Rd6 Rfe8 28.Kg2 Nd5 29.Rd7 Rab8
30.Rxf7 Ndxf4+  0-1

[Event "FSGM April 2012"]
[Site "Budapest HUN"]
[Date "2012.04.08"]
[Round "2"]
[White "Rodriguez Lopez,Ra"]
[Black "Rajlich,I"]
[Result "0-1"]
[WhiteElo "2266"]
[BlackElo "2422"]

1.e4 e6 2.d4 d5 3.Nc3 Bb4 4.e5 Ne7 5.a3 Bxc3+ 6.bxc3 b6 7.Qg4 Nf5 8.Bd3 O-O
9.Bg5 Qe8 10.Bf6 Nd7 11.Bxf5 Nxf6 12.exf6 exf5+ 13.Qe2 Qc6 14.Kd2 Re8 15.Qf3 Qxf6
16.Ne2 Qh6+ 17.Nf4 Re4 18.Rae1 Bb7 19.g3 c5 20.Rxe4 dxe4 21.Qe3 Rd8 22.Kc1 g5
23.Ne2 Ba6 24.dxc5 Bxe2 25.Qxe2 bxc5 26.Rd1 g4+ 27.Qe3 Qxe3+ 28.fxe3 Rxd1+
29.Kxd1 f4 30.exf4 f5  0-1

[Event "O2C Doeberl Cup Premier 2012"]
[Site "Canberra AUS"]
[Date "2012.04.08"]
[Round "9.8"]
[White "Illingworth,M"]
[Black "Johansen,D"]
[Result "1/2-1/2"]
[WhiteElo "2352"]
[BlackElo "2444"]

1.d4 e6 2.e4 d5 3.Nc3 Bb4 4.e5 b6 5.Qg4 Bf8 6.Nh3 Ne7 7.Nf4 g6 8.Be3 Ba6
9.Bxa6 Nxa6 10.Qe2 Nb8 11.g4 Qd7 12.h4 Nbc6 13.h5 O-O-O 14.Rh3 Kb7 15.b3 Bg7
16.Nd3 gxh5 17.Rxh5 f6 18.Na4 Ka8 19.exf6 Bxf6 20.c3 Rde8 21.O-O-O Nc8 22.Bf4 Nd6
23.f3 Nf7 24.Kb1 h6 25.Qh2 Kb8 26.Re1 Bg7 27.Nab2 Rhf8 28.Qg3 Kb7 29.Nd1 Ne7
30.Bc1 Rg8 31.Bd2 a5 32.N1b2 Nc6 33.Bf4 Bf8 34.Re2 Rg6 35.Rh1  1/2-1/2

[Event "39th La Roda Open"]
[Site "La Roda ESP"]
[Date "2012.04.08"]
[Round "8"]
[White "Ibarra Jerez,JC"]
[Black "Cruz,Cr"]
[Result "1/2-1/2"]
[WhiteElo "2523"]
[BlackElo "2508"]

1.e4 e6 2.d4 d5 3.Nc3 Bb4 4.e5 Ne7 5.Qg4 Nf5 6.Nf3 c5 7.dxc5 Nc6 8.Bd2 O-O
9.O-O-O f6 10.exf6 Qxf6 11.Bd3 Bxc5 12.Kb1 Bd7 13.Bg5 Qf7 14.Bf4 h5 15.Qh3 e5
16.Nxe5 Nxe5 17.Bxe5 Bxf2 18.Rdf1 Rae8 19.Rxf2 Rxe5 20.Qf3 Ne3 21.Bh7+ Kxh7
22.Qxf7 Rxf7 23.Rxf7 Bf5 24.Kc1 Bxc2 25.Rd7 Bf5 26.Rd8 Be4 27.Nxe4 dxe4 28.g3 Ng4
29.Rd2 Kg6 30.Re2 Nf6 31.Rf1 Kf7 32.Kd1 Ke6 33.Rfe1 a6 34.Rc2 Nd5 35.a3 Kf5
36.Rf2+ Kg6 37.Rfe2 Nf6 38.Rf1 Rb5 39.Kc2 Rc5+ 40.Kd1 Rb5 41.Kc2 Rc5+ 42.Kd2 Rd5+
43.Ke1 Rc5 44.Kd2 Rd5+ 45.Ke1 Rc5 46.Kd2 Rd5+ 47.Ke1 Rc5  1/2-1/2

[Event "23rd Lenk Open"]
[Site "Lenk SUI"]
[Date "2012.04.09"]
[Round "7.2"]
[White "Sokolov,And1"]
[Black "Huss,A"]
[Result "1-0"]
[WhiteElo "2577"]
[BlackElo "2304"]

1.e4 e6 2.d4 d5 3.Nc3 Bb4 4.e5 Qd7 5.Nh3 b6 6.Qg4 f5 7.Qh5+ Qf7 8.Qf3 h6
9.a3 Bf8 10.g4 fxg4 11.Qxg4 Ne7 12.Nf4 Nbc6 13.Be3 Qf5 14.Qxf5 Nxf5 15.Bb5 Ne7
16.Ng6 Bd7 17.Nxh8 g5 18.h4 Bg7 19.hxg5 Bxh8 20.gxh6 Nf5 21.O-O-O Nce7 22.Bxd7+ Kxd7
23.Ne2 c5 24.c3 Rc8 25.Kb1 a5 26.Bg5 cxd4 27.cxd4 Nc6 28.h7 Rf8 29.Bf6 Ke8
30.Rc1  1-0